000 00228nam a2200097Ia 4500
001 643695
005 20250826153550.0
008 250824s9999 xx 000 0 und d
245 0 _aBU ÜLKE
_cCEMİL MERİÇ
260 _bİLETİŞİM
999 _c643695
_d643695